00531nam a2200181Ia 4500008004100000020001800041050001100059050001400070245003700084245002900121260001800150260002300168260000900191440005500200650003300255650004200288999001900330160319s9999 xx 000 0 und d a9789712709890 a808.81 bA628 2000 3aAn Anthology of Winning Works :  bThe 1980s one-act play / aPasig City :  bAnvil Publishing,  c2000 aDon Carlos Palanca Memorial Awards for Literature. a Philippine drama (English) aOne-act plays -- Philippine (English) c292187d292187